[Event "Olympiad Women 2024"]
[Site "Budapest HUN"]
[Date "2024.09.18"]
[Round "7.10"]
[Board "1"]
[White "Tsolakidou, Stavroula"]
[Black "Khamdamova, Afruza"]
[Result "1-0"]
[WhiteElo "2444"]
[BlackElo "2313"]
[PlyCount "119"]
[EventDate "2024.09.11"]
[WhiteTeam "Greece"]
[BlackTeam "Uzbekistan"]
[WhiteTeamCountry "GRE"]
[BlackTeamCountry "UZB"]

1. e4 e5 2. Nf3 Nc6 3. Bb5 a6 4. Ba4 Nf6 5. O-O Be7 6. Re1 b5 7. Bb3 d6 8. c3 O-O 9. h3 Bb7 10. d4 Re8 11. a3 h6 12. Ba2 Bf8 13. d5 Ne7 14. b3 c6 ({RR} 14... c5 15. c4 bxc4 16. bxc4 Ng6 17. Bb3 Bc8 18. Ba4 Bd7 19. Nc3 Rb8 20. Bd2 Nh5 21. g3 Re7 22. Kg2 Qc8 23. Bxd7 Rxd7 24. Nh2 Nf6 25. Qf3 Rb3 26. Nf1 Rdb7 27. Ne3 Ne7 28. h4 h5 29. Qd1 {0-1 Firouzja,A (2759)-Le,Q (2709) Chessable Masters KO rapid 2021 (1.22)}) 15. c4 Ng6 $146 ({RR} 15... cxd5 16. cxd5 b4 17. axb4 Nxe4 18. Rxe4 Nxd5 19. b5 axb5 20. b4 Ra4 21. Bxd5 Bxd5 22. Rxa4 Bxe4 23. Ra1 d5 24. Nfd2 Bg6 25. Ra5 d4 26. Rxb5 e4 27. Qb3 e3 28. Nf3 Qc7 29. Ba3 Bc2 30. Qb2 {0-1 Pijpers,A (2465)-Warmerdam,M (2602) ch-NED KO 2023 (1.2)}) ({RR} 15... cxd5 16. cxd5 a5 17. b4 axb4 18. axb4 Bc8 19. Nc3 Bd7 20. Be3 Qb8 21. Bb3 Rc8 22. Qd3 Ne8 23. Reb1 g6 24. Nd2 f5 25. f3 f4 26. Bf2 g5 27. Rxa8 Qxa8 28. Bd1 Nc7 29. Be2 h5 30. Nb3 {½-½ Hong,A (2572)-Papp,G (2550) Kallai Gabor Mem 2024 (7.3)}) ({RR} 15... a5 16. Nc3 b4 17. dxc6 Nxc6 18. Nd5 bxa3 19. Nxf6+ Qxf6 20. Bb1 Rab8 21. Bxa3 Bc8 22. Re3 Be7 23. Rd3 Nb4 24. Bxb4 axb4 25. Ne1 Bb7 26. Re3 Bd8 27. Nc2 Bb6 28. Rf3 Qg6 29. Ne3 Bxe3 30. Rxe3 {½-½ Agmanov,Z (2464)-Khamdamova,A (2291) Baku Open 2024 (3.16)}) ({RR} 15... cxd5 16. cxd5 a5 17. Nc3 b4 18. Nb5 Qb8 19. a4 Nd7 20. Nd2 Ng6 21. Nc4 Ba6 22. h4 Nc5 23. h5 Nf4 24. Bb1 Bxb5 25. axb5 Qxb5 26. Bxf4 exf4 27. e5 dxe5 28. Rxe5 Rxe5 29. Nxe5 Qe8 30. Nc6 {½-½ Lagarde,M (2579)-Erdos,V (2583) Mitropa Cup 2023 (4.1)}) ({RR} 15... Qc7 16. Bd2 Ng6 17. Nc3 bxc4 18. bxc4 Nd7 19. dxc6 Bxc6 20. Nd5 Qa7 21. Be3 Nc5 22. Bb1 a5 23. Bc2 Reb8 24. Nd2 a4 25. Nb4 Be8 26. Nb1 Nf4 27. Nc3 Nfe6 28. Ncd5 Be7 29. Nxe7+ Qxe7 30. Qd2 {0-1 Areshchenko,A (2627)-Kollars,D (2607) Rapid Chess Superleague 2023 (1.6)}) 16. Nc3 cxd5 17. cxd5 Qa5 18. b4 Qc7 19. Bd2 Bc8 20. Rc1 Qb7 21. Bb1 Bd7 22. Bd3 Nf4 23. Bf1 g5 24. h4 g4 25. Nh2 h5 26. g3 Ng6 27. Be2 Rac8 28. f3 Qb6+ 29. Kg2 Qd4 30. Rf1 Bg7 31. Rc2 Rf8 32. Qc1 gxf3+ 33. Nxf3 Qb6 34. Nh2 Qc7 35. Bd3 Qb7 36. Bh6 Ng4 37. Bxg7 Kxg7 38. Nxg4 Bxg4 39. Qe3 Rc7 40. Rfc1 f6 41. Be2 Qc8 42. Qd2 Qd7 43. Nd1 Rxc2 44. Qxc2 Bxe2 45. Qxe2 f5 46. Ne3 fxe4 47. Qxh5 Qf7 48. Qg5 Kh7 49. Rf1 Nf4+ 50. gxf4 Rg8 51. Ng4 Rxg5 52. fxg5 Qc7 53. h5 Qc2+ 54. Rf2 Qd1 55. g6+ Kg8 56. Kg3 e3 57. Rf7 Qe1+ 58. Kg2 Qe2+ 59. Kh3 Qxg4+ 60. Kxg4 1-0

[Event "Olympiad Women 2024"]
[Site "Budapest HUN"]
[Date "2024.09.18"]
[Round "7.10"]
[Board "2"]
[White "Omonova, Umida"]
[Black "Avramidou, Anastasia"]
[Result "1-0"]
[WhiteElo "2032"]
[BlackElo "2290"]
[PlyCount "99"]
[EventDate "2024.09.11"]
[WhiteTeam "Uzbekistan"]
[BlackTeam "Greece"]
[WhiteTeamCountry "UZB"]
[BlackTeamCountry "GRE"]

1. e4 c6 2. d4 d5 3. Nd2 dxe4 4. Nxe4 Nf6 5. Nxf6+ exf6 6. Be3 Bd6 7. Bd3 Na6 8. a3 O-O 9. Ne2 Re8 10. Qd2 Bg4 11. O-O Nc7 12. c4 Bxe2 ({RR} 12... Ne6 13. Ng3 Nf8 14. b4 h5 15. h3 h4 16. Ne4 Be6 17. Nxd6 Qxd6 18. Qd1 Ng6 19. Re1 f5 20. f3 Qg3 21. Qd2 f4 22. Bf2 Qg5 23. Kh1 Bf5 24. Bf1 Rad8 25. Qb2 Be6 26. Re4 Bf5 27. Rxe8+ {1-0 Perez Rodriguez,C (2305)-Davalos Prieto,A (1984) II Aguascalientes Int 2024 (4.13)}) 13. Qxe2 $146 ({RR} 13. Bxe2 f5 14. c5 Be7 15. Bf3 Bf6 16. Rad1 Nd5 17. Bf4 Nxf4 18. Qxf4 Qe7 19. b4 g6 20. d5 cxd5 21. Bxd5 Rad8 22. g3 Kg7 23. Qc4 h5 24. h4 Rd7 25. Kg2 Qe5 26. Bf3 Ree7 27. b5 Rd4 {½-½ Nepomniachtchi,I (2771)-Carlsen,M (2830) World Blitz 2023 (12.1)}) 13... g6 14. Qd2 f5 15. f4 Bf8 16. Rad1 Bg7 17. Bc2 b5 18. cxb5 Nxb5 19. Bf2 Qd5 20. Qb4 Rab8 21. Qa4 Nd6 22. b4 Nb5 23. Bb3 Qe4 24. Qa5 Qxf4 25. d5 Be5 26. g3 Qf3 27. Bc4 Qc3 28. Rc1 Qxa3 29. dxc6 Bc7 30. Qxa3 Nxa3 31. Bd5 Rxb4 32. Rfe1 Rxe1+ 33. Rxe1 Bd6 34. Re8+ Kg7 35. Rd8 Nb5 36. Rd7 Kf6 37. Bxf7 Rb1+ 38. Kg2 Ke5 39. Be3 Kf6 40. Bc4 f4 41. gxf4 Be7 42. c7 Nxc7 43. Bd4+ Kf5 44. Rxe7 Rd1 45. Kf3 g5 46. Rf7+ Kg6 47. f5+ Kh6 48. Rf6+ Kg7 49. Rd6+ Kf8 50. Bg7+ 1-0

[Event "Olympiad Women 2024"]
[Site "Budapest HUN"]
[Date "2024.09.18"]
[Round "7.10"]
[Board "3"]
[White "Pavlidou, Ekaterini"]
[Black "Malikova, Marjona"]
[Result "1/2-1/2"]
[WhiteElo "2141"]
[BlackElo "2083"]
[PlyCount "93"]
[EventDate "2024.09.11"]
[WhiteTeam "Greece"]
[BlackTeam "Uzbekistan"]
[WhiteTeamCountry "GRE"]
[BlackTeamCountry "UZB"]

1. d4 Nf6 2. c4 e6 3. Nf3 d5 4. Nc3 c5 5. cxd5 Nxd5 6. e4 Nxc3 7. bxc3 cxd4 8. cxd4 Bb4+ 9. Bd2 Bxd2+ 10. Qxd2 O-O 11. Bb5 ({RR} 11. h4 b6 12. h5 h6 13. g4 Bb7 14. Qe3 Nc6 15. a3 b5 16. Be2 a6 17. Rd1 Qa5+ 18. Kf1 f6 19. Rg1 Ne7 20. d5 exd5 21. exd5 Nxd5 22. Qe6+ Kh8 23. Nh4 Nf4 24. Qe7 Qc3 25. Qxb7 Qh3+ {0-1 Caruana,F (2822)-Dominguez Perez,L (2739) Saint Louis Rapid 2018 (7)}) 11... b6 ({RR} 11... Bd7 12. Rb1 Bxb5 13. Rxb5 b6 14. O-O Qd7 15. Rb3 Nc6 16. Rd1 Rfd8 17. Qf4 h6 18. h3 e5 19. Nxe5 Nxd4 20. Rxd4 Qxd4 21. Qxf7+ Kh8 22. Qf5 Re8 23. Nf7+ Kg8 24. Rg3 Qxe4 25. Nxh6+ Kh8 26. Nf7+ {1-0 Kleinman,M (2387)-Wu,D (2295) Titled Tue 27th Feb Late 2024 (3)}) 12. h4 $146 ({RR} 12. O-O Bb7 13. Qf4 a6 14. Ba4 b5 15. Bb3 Nd7 16. Rac1 Nf6 17. Rfe1 Rc8 18. Bc2 Nh5 19. Qg4 g6 20. Bb1 Rxc1 21. Rxc1 f5 22. Qg5 Nf6 23. exf5 Bxf3 24. gxf3 exf5 25. Bxf5 Qd5 26. Rc5 Qxf3 {½-½ Tomazini,A (2379)-Lenic,L (2627) SLO-chT NML 31st 2021 (1.1)}) ({RR} 12. O-O Bb7 13. Qe3 Nc6 14. Rfd1 Na5 15. Rac1 Qe7 16. d5 Rfd8 17. Nd4 exd5 18. e5 g6 19. f4 Nc4 20. Bxc4 dxc4 21. Rxc4 Rd5 22. Rc2 Rad8 23. Rcd2 a5 24. h3 h6 25. Kh2 Kh7 26. Nb5 Rxd2 {½-½ Xu,Z (2373)-Xu,Y (2539) Sanya Hainan op-A 2017 (6)}) ({RR} 12. O-O Bb7 13. Rfe1 Nd7 14. Qf4 Rc8 15. Rad1 Qf6 16. Qd6 Nb8 17. Qa3 a6 18. Bd3 b5 19. d5 Rc3 20. Qb4 Rfc8 21. a4 exd5 22. e5 Qb6 23. e6 R3c7 24. a5 Qc5 25. Bxh7+ Kxh7 26. Qh4+ Kg8 {1-0 Winterberg,L (2373)-Syrov,A (2260) Oberliga Sued W 1819 2018 (1.1)}) 12... Bb7 13. Qe3 a6 14. Bd3 Nc6 15. Rd1 Rc8 16. a3 Na5 17. Qe2 b5 18. Kf1 Rc3 19. d5 h6 20. Rh3 exd5 21. e5 Kh8 22. Nd4 Bc8 23. e6 fxe6 24. Nxe6 Bxe6 25. Qxe6 Rf6 26. Qe5 Rxa3 27. Rf3 Nc6 28. Qb2 Ra4 29. Rxf6 Qxf6 30. Qe2 Ne7 31. Re1 Rxh4 32. Kg1 Ng8 33. g3 Ra4 34. Bb1 Qc3 35. Rd1 Qc5 36. Qd3 Nf6 37. Qf5 Rc4 38. Kg2 b4 39. Re1 Qc8 40. Re6 Kg8 41. Rxf6 gxf6 42. Qg6+ Kf8 43. Qxf6+ Kg8 44. Qg6+ Kf8 45. Qf6+ Kg8 46. Qg6+ Kf8 47. Qf6+ 1/2-1/2

[Event "Olympiad Women 2024"]
[Site "Budapest HUN"]
[Date "2024.09.18"]
[Round "7.10"]
[Board "4"]
[White "Nadirjanova, Nodira"]
[Black "Markantonaki, Haritomeni"]
[Result "1-0"]
[WhiteElo "2059"]
[BlackElo "2179"]
[PlyCount "93"]
[EventDate "2024.09.11"]
[WhiteTeam "Uzbekistan"]
[BlackTeam "Greece"]
[WhiteTeamCountry "UZB"]
[BlackTeamCountry "GRE"]

1. d4 Nf6 2. c4 e6 3. Nc3 Bb4 4. e3 O-O 5. Bd3 d5 6. a3 Bxc3+ 7. bxc3 dxc4 8. Bxc4 c5 9. Nf3 Qc7 10. Be2 b6 11. O-O Nc6 ({RR} 11... Ba6 12. Bxa6 Nxa6 13. Bb2 Nb8 14. Rc1 c4 15. Qc2 Re8 16. a4 Nbd7 17. e4 a6 18. Ba3 b5 19. Rfe1 h6 20. Bb4 Nh5 21. g3 Nhf6 22. Ra1 Qb6 23. Nd2 Rab8 24. Reb1 Qc6 25. h3 Nb6 26. a5 {½-½ Stockfish dev-20240728-2343f7 (3662)-LCZero 0.31-dag-5350a2e-BT4-6 (3631) TCEC 26 Balanced Lines 2024 (35.2)}) 12. dxc5 ({RR} 12. Bb2 Rd8 13. c4 Bb7 14. Qc2 Rac8 15. d5 exd5 16. Bxf6 gxf6 17. Qf5 Ne7 18. Qxf6 Rd6 19. Qh4 Ng6 20. Qh5 Kg7 21. Rad1 Rcd8 22. Ne5 Qe7 23. f4 d4 24. exd4 Rxd4 25. Bd3 b5 26. Rde1 Qc7 {1-0 Alshameary Puente,I (2337)-Brull Mayol,C (2145) 10th Oviedo Open 2024 (7.7)}) 12... bxc5 $146 ({RR} 12... Na5 13. a4 Rd8 14. Qc2 Qxc5 15. Ba3 Qc7 16. Nd4 Nc4 17. Bxc4 Qxc4 18. Be7 Rd5 19. Bxf6 gxf6 20. Rfb1 Ba6 21. Rb4 Qd3 22. Qxd3 Bxd3 23. h3 Rc8 24. Nb5 a5 25. Rb3 Bc4 26. Rba3 Bxb5 27. axb5 {½-½ Serna Lara,S (2248)-Lopez Mulet,I (2080) La Roda op 40th 2013 (9)}) 13. c4 Rb8 14. Qc2 Ba6 15. Bb2 Qe7 16. Ng5 e5 17. f4 h6 18. fxe5 hxg5 19. exf6 Qxe3+ 20. Kh1 g6 21. Rad1 Nd4 22. Bxd4 cxd4 23. Bd3 g4 24. Bxg6 Qh6 25. Be4 Rb6 26. Rxd4 Rxf6 27. Bf5 Re8 28. Rxg4+ Kf8 29. Qc3 Bc8 30. Qb4+ Re7 31. Re1 Be6 32. Qb8+ Re8 33. Qd6+ Re7 34. Qg3 Qh8 35. Bxe6 Rfxe6 36. Rd1 Re8 37. h3 Re3 38. Qd6+ R8e7 39. Qb8+ Re8 40. Qb4+ R3e7 41. Re4 Qf6 42. Rde1 a5 43. Qc5 a4 44. Rxe7 Rxe7 45. Qxe7+ Qxe7 46. Rxe7 Kxe7 47. h4 1-0

[Event "Olympiad Women 2024"]
[Site "Budapest HUN"]
[Date "2024.09.18"]
[Round "7.11"]
[Board "1"]
[White "Zhu, Jiner"]
[Black "Ryjanova, Julia"]
[Result "1-0"]
[WhiteElo "2487"]
[BlackElo "2255"]
[PlyCount "89"]
[EventDate "2024.09.11"]
[WhiteTeam "China"]
[BlackTeam "Australia"]
[WhiteTeamCountry "CHN"]
[BlackTeamCountry "AUS"]

1. e4 c5 2. Nf3 Nc6 3. d4 cxd4 4. Nxd4 Qb6 5. Nb3 Nf6 6. Nc3 e6 7. a3 Qc7 8. Be3 a6 9. f4 d6 10. g4 d5 $146 ({RR} 10... h6 11. Bg2 b5 12. Qf3 Bb7 13. O-O Rb8 14. Qh3 h5 15. Bf3 hxg4 16. Qxh8 gxf3 17. e5 dxe5 18. Rad1 Ne7 19. Nc5 Ng6 20. Nxe6 fxe6 21. Qh3 Nxf4 22. Bxf4 Bc5+ 23. Rf2 Bxf2+ 24. Kxf2 exf4 25. Qxe6+ {0-1 Vuckovic,A (2338)-Sax,G (2584) Neckar op-A 6th 2002 (4)}) ({RR} 10... h6 11. Bg2 Be7 12. O-O g5 13. fxg5 hxg5 14. h3 Nd7 15. Qd2 f6 16. Qf2 Nce5 17. Nd4 Nf8 18. Nf3 Nfg6 19. Nxe5 Nxe5 20. Na4 b5 21. Nb6 Rb8 22. Nxc8 Rxc8 23. c3 d5 24. Bb6 Nxg4 25. Bxc7 {½-½ Durarbayli,V (2590)-Polgar,J (2685) Wch Rapid Dubai 2014 (12)}) ({RR} 10... b5 11. g5 Nd7 12. Qd2 Nb6 13. O-O-O Nc4 14. Bxc4 bxc4 15. Nd4 Rb8 16. Qe2 Na5 17. Kb1 Be7 18. Bc1 Qb6 19. Ka2 O-O 20. h4 Bd7 21. f5 Rfc8 22. Rhg1 Nc6 23. Nxc6 Rxc6 24. f6 Bf8 25. h5 {0-1 Pap,G (2429)-Chirila,I (2543) Airthings Masters Play-In 2023 (4)}) ({RR} 10... h6 11. Bg2 g6 12. Qe2 Bg7 13. O-O-O O-O 14. h4 h5 15. Bf3 hxg4 16. Bxg4 Bd7 17. h5 Rfc8 18. hxg6 fxg6 19. Bd4 Nxd4 20. Nxd4 Re8 21. e5 dxe5 22. fxe5 Nh7 23. Nf3 Bc6 24. Ne4 Qf7 25. Qe3 {1-0 Makarichev,S (2495)-Vasiukov,E (2555) URS Soviet Union 1978}) ({RR} 10... Be7 11. Bg2 Rb8 12. Qe2 b5 13. g5 Nd7 14. f5 O-O 15. h4 Re8 16. g6 hxg6 17. fxe6 fxe6 18. h5 gxh5 19. Qxh5 Nf6 20. Qh2 Ne5 21. Bg5 Qb6 22. O-O-O Bd7 23. Rdf1 Nf7 24. Bxf6 Bxf6 25. Qh7+ {0-1 Zivkovic,V (1935)-Vujic Katanic,B (2005) YUG-chT 33rd 1981 (3.8)}) 11. e5 Nd7 12. g5 b5 13. Ne2 Bb7 14. Ned4 Nxd4 15. Nxd4 Nc5 16. h4 Be7 17. Bd3 Rc8 18. Rh2 b4 19. axb4 Nxd3+ 20. Qxd3 Bxb4+ 21. c3 Be7 22. h5 Rb8 23. Qc2 Bc8 24. Kf2 O-O 25. Nf3 Qc4 26. Kg3 Bd7 27. Bd4 Bb5 28. Rd2 Qc7 29. Nh2 Kh8 30. Ng4 Bc4 31. Rh1 Bb3 32. Qb1 Bc5 33. f5 exf5 34. Qxf5 Qc8 35. Qf4 Bxd4 36. h6 Qe6 37. hxg7+ Kxg7 38. cxd4 Qg6 39. Rh6 Qe4 40. Qf6+ Kg8 41. Rh1 h5 42. Rxh5 Qe1+ 43. Rf2 Qg1+ 44. Rg2 Qe1+ 45. Kh2 1-0

[Event "Olympiad Women 2024"]
[Site "Budapest HUN"]
[Date "2024.09.18"]
[Round "7.11"]
[Board "2"]
[White "Nguyen, Thu Giang"]
[Black "Song, Yuxin"]
[Result "0-1"]
[WhiteElo "2068"]
[BlackElo "2373"]
[PlyCount "78"]
[EventDate "2024.09.11"]
[WhiteTeam "Australia"]
[BlackTeam "China"]
[WhiteTeamCountry "AUS"]
[BlackTeamCountry "CHN"]

1. e4 c5 2. Nf3 d6 3. Bb5+ Bd7 4. Bxd7+ Nxd7 5. c4 e6 ({RR} 5... g6 6. Nc3 Bg7 7. O-O Rc8 8. b3 Ne5 9. Nxe5 dxe5 10. d3 Nf6 11. Be3 O-O 12. a3 Qd7 13. b4 Rfd8 14. bxc5 Qxd3 15. Nd5 Qxd1 16. Rfxd1 Bf8 17. Rab1 Nxe4 18. f3 Nxc5 19. Bxc5 Rxc5 20. Nf6+ {½-½ Svetushkin,D (2597)-Timofeev,A (2631) EU-Cup 28th Eilat 2012 (3.1)}) 6. d4 ({RR} 6. Nc3 Rc8 7. O-O a6 8. b3 Ne5 9. d4 Nxf3+ 10. gxf3 cxd4 11. Qxd4 Ne7 12. Rd1 Ng6 13. f4 Qh4 14. Qe3 Be7 15. Bd2 O-O 16. Qf3 Rc5 17. Be3 Rh5 18. Qg3 f5 19. c5 dxc5 20. e5 Rf7 {1-0 Suyarov,M (2430)-Daneshvar,B (2611) UzChess Cup Futures 2024 (3.1)}) 6... cxd4 7. Nxd4 Rc8 $146 ({RR} 7... Ngf6 8. Nc3 a6 9. Be3 Rc8 10. Qa4 Qc7 11. b3 b5 12. Qxa6 bxc4 13. Ncb5 Qc5 14. Nf5 Qb4+ 15. Bd2 Qc5 16. Qxc8+ Qxc8 17. Nfxd6+ Bxd6 18. Nxd6+ Kd8 19. Nxc8 Kxc8 20. f3 cxb3 21. axb3 Kc7 22. Ke2 {1-0 Semianiuk,K (2030)-Basgul,D World ol U16 2010 (7)}) ({RR} 7... Ngf6 8. Nc3 a6 9. O-O Be7 10. f3 O-O 11. Be3 Rc8 12. b3 b5 13. Rb1 bxc4 14. bxc4 Rxc4 15. Qb3 Qc7 16. Rfc1 Rb8 17. Qc2 Rxb1 18. Qxb1 Rxc3 19. Bd2 Rxc1+ 20. Bxc1 Qb6 21. Qxb6 Nxb6 22. Nc6 {0-1 Mohamed,M-Pitkar,A (1496) Dubai op U14 10th 2011 (9)}) ({RR} 7... Be7 8. Nc3 a6 9. O-O Ngf6 10. Be3 O-O 11. Rc1 e5 12. Nc2 Nc5 13. f3 Rc8 14. Qd2 h6 15. Bf2 Nh7 16. Rfd1 Bg5 17. Be3 Bxe3+ 18. Nxe3 Qg5 19. Nf5 Qxd2 20. Rxd2 Rc7 21. Rxd6 Ng5 22. Nd5 {1-0 Rodriguez Arrieta,M (1905)-Jui,M (1750) Caissa Guatemala Online blitz 2021 (1)}) 8. O-O Rc7 9. c5 Rxc5 10. Na3 Rc8 11. Ndb5 Nc5 12. Nxa7 Ra8 13. N7b5 Nxe4 14. Qc2 Nc5 15. Rd1 Nf6 16. Bg5 Be7 17. Nxd6+ Bxd6 18. Bxf6 gxf6 19. Nb5 Bxh2+ 20. Kxh2 Qb6 21. Qc4 Na6 22. b4 Ke7 23. a4 Rhd8 24. Qe4 Nc7 25. Nc3 Qxf2 26. Qxb7 Qf4+ 27. Kh1 Rxd1+ 28. Nxd1 Qh4+ 29. Kg1 Qd4+ 30. Kh2 Qe5+ 31. Kg1 Qxa1 32. Qxc7+ Kf8 33. Qd6+ Kg7 34. a5 Qe5 35. Qd2 Rb8 36. Ne3 Qf4 37. a6 Rxb4 38. Qf2 Qxf2+ 39. Kxf2 Ra4 0-1

[Event "Olympiad Women 2024"]
[Site "Budapest HUN"]
[Date "2024.09.18"]
[Round "7.11"]
[Board "3"]
[White "Guo, Qi"]
[Black "Shen, Zhiyuan"]
[Result "1-0"]
[WhiteElo "2367"]
[BlackElo "1969"]
[PlyCount "79"]
[EventDate "2024.09.11"]
[WhiteTeam "China"]
[BlackTeam "Australia"]
[WhiteTeamCountry "CHN"]
[BlackTeamCountry "AUS"]

1. d4 Nf6 2. c4 g6 3. Nc3 Bg7 4. e4 d6 5. Nf3 O-O 6. Be2 e5 7. O-O Bg4 8. d5 a5 9. Bg5 ({RR} 9. Be3 Na6 10. a3 Nh5 11. h3 Bd7 12. Re1 Qe8 13. Nb5 Qd8 14. b4 Nf4 15. Bf1 h6 16. c5 Qe8 17. a4 Qe7 18. cxd6 cxd6 19. bxa5 Nc5 20. Rc1 Rxa5 21. Bxc5 dxc5 22. d6 Qd8 23. Rxc5 Ne6 {1-0 Yakubboev,N (2621)-Mamedov,R (2673) FIDE Grand Swiss 2021 (1)}) 9... Qe8 $146 ({RR} 9... h6 10. Be3 Nh7 11. Qc1 h5 12. h3 Bxf3 13. Bxf3 Nd7 14. Nb5 b6 15. Qd2 Nc5 16. Kh2 Nf6 17. Nc3 Nfd7 18. Rg1 Kh7 19. g4 h4 20. g5 Rh8 21. Be2 Kg8 22. f3 Bf8 23. Rg4 Be7 24. Rag1 {½-½ Barbosa,E (1677)-Castellar,J (1332) BRA-ch sf1 Brasilia 2018 (2.9)}) ({RR} 9... h6 10. Bh4 Bxf3 11. Bxf3 Qe8 12. a3 Na6 13. Rb1 Nh7 14. b4 f5 15. exf5 gxf5 16. Bh5 Qd7 17. Qd3 Bf6 18. Bxf6 Rxf6 19. f4 e4 20. Qh3 Qg7 21. Rfe1 Kh8 22. Re3 axb4 23. axb4 c5 24. dxc6 {½-½ Vesely,M (2027)-Goluch,P (2325) Ostravsky Konik Open A 2024 (5.5)}) ({RR} 9... h6 10. Be3 Na6 11. Nd2 Bd7 12. a3 Qe8 13. b3 Nh7 14. f3 f5 15. exf5 gxf5 16. Qc2 c5 17. dxc6 bxc6 18. Rab1 Qb8 19. Rfd1 Nf6 20. Nf1 Be6 21. Qd2 f4 22. Bf2 d5 23. cxd5 cxd5 24. Na4 {0-1 Delmonico,N (1934)-Li,D (2194) Geneve Bois Gentil op 2022 (3)}) ({RR} 9... h6 10. Be3 Na6 11. h3 Bd7 12. Nd2 Nxe4 13. Ncxe4 f5 14. f3 fxe4 15. Nxe4 b6 16. Bd3 Qe7 17. Qc2 Nb4 18. Qd2 Nxd3 19. Qxd3 g5 20. b3 Bf5 21. Rae1 Qd7 22. Bd2 Rf7 23. Qe2 Raf8 24. Qd3 {½-½ Kottnauer,C-Letelier Martner,R Olympiad-16 Final B 1964 (12)}) 10. Ne1 Bd7 11. b3 Na6 12. Nd3 b6 13. a3 Nc5 14. Nxc5 bxc5 15. Rb1 h6 16. Be3 Rb8 17. Rb2 Qe7 18. Qd2 Kh7 19. Rfb1 Ne8 20. b4 cxb4 21. axb4 axb4 22. Rxb4 Rc8 23. Rb7 f5 24. f3 Nf6 25. c5 fxe4 26. fxe4 dxc5 27. Ra7 Bg4 28. d6 Qd8 29. Bxg4 Nxg4 30. dxc7 Qh4 31. h3 Nxe3 32. Qxe3 Bf6 33. Qe1 Rf7 34. Nd5 Qh5 35. Qf2 Kg7 36. Rf1 Qg5 37. Ra6 Rcf8 38. Rxf6 Rxf6 39. Nxf6 c4 40. Nh5+ 1-0

[Event "Olympiad Women 2024"]
[Site "Budapest HUN"]
[Date "2024.09.18"]
[Round "7.11"]
[Board "4"]
[White "Vincent, Alaina"]
[Black "Lu, Miaoyi"]
[Result "0-1"]
[WhiteElo "1976"]
[BlackElo "2438"]
[PlyCount "86"]
[EventDate "2024.09.11"]
[WhiteTeam "Australia"]
[BlackTeam "China"]
[WhiteTeamCountry "AUS"]
[BlackTeamCountry "CHN"]

1. e4 e5 2. Nf3 Nc6 3. Bc4 Nf6 4. d3 h6 5. c3 d6 6. Bb3 g5 7. Be3 ({RR} 7. Nbd2 g4 8. Ng1 d5 9. Ne2 Be6 10. O-O Qd7 11. exd5 Nxd5 12. d4 exd4 13. Ne4 O-O-O 14. Nxd4 h5 15. Nxe6 fxe6 16. Qe2 Kb8 17. Bg5 Be7 18. Rad1 Rhg8 19. Bc1 Qe8 20. Ng3 h4 21. Qxe6 Rg6 {0-1 Yeletsky,I (2460)-Nepomniachtchi,I (2773) Titled Tuesday intern op 22 Mar Early blitz 2022 (2)}) 7... Bg7 8. Nbd2 ({RR} 8. h4 g4 9. Ng1 d5 10. Qc2 Be6 11. Ne2 Qd7 12. Nd2 Rd8 13. Nf1 d4 14. cxd4 exd4 15. Bd2 Nxe4 16. Bxe6 fxe6 17. Nfg3 Nf6 18. Qb3 O-O 19. Rc1 Nd5 20. Ne4 b6 21. N2g3 Ne5 22. Nh5 c5 {0-1 Gheith,I (1892)-Liyanage,R (2343) Asian Cities Teams 2024 (2.3)}) 8... g4 $146 ({RR} 8... O-O 9. Qe2 Na5 10. Bc2 c5 11. O-O-O b5 12. h4 g4 13. Ng1 Nh5 14. Nf1 Rb8 15. Qd2 Kh7 16. f4 exf4 17. Bxf4 b4 18. cxb4 Rxb4 19. b3 Qf6 20. e5 Qxf4 21. d4+ Kh8 22. Qxf4 Nxf4 23. g3 {0-1 Nguyen,T (1861)-Trent,L (2399) Titled Tuesday intern op 10th Aug blitz 2021 (1)}) ({RR} 8... O-O 9. h4 g4 10. Nh2 d5 11. exd5 Nxd5 12. Nxg4 Nxe3 13. Nxe3 Qxd3 14. Qf3 Be6 15. Bxe6 fxe6 16. Qe4 Qd6 17. g3 Rad8 18. Rd1 Qc5 19. O-O Rf7 20. a4 Rdf8 21. Ndc4 a6 22. b4 Qe7 23. b5 {0-1 Iordachescu,V (2589)-Tang,A (2538) Titled Tuesday intern op 23rd June blitz 2020 (5)}) 9. Ng1 d5 10. Ne2 Be6 11. Ba4 Qd6 12. b4 Nd7 13. a3 a6 14. Rc1 h5 15. Bb3 f5 16. exf5 Bxf5 17. Nf1 O-O-O 18. Ba4 Rde8 19. Nfg3 Bg6 20. c4 d4 21. Bg5 e4 22. Nxe4 Bxe4 23. dxe4 Qe5 24. Qd2 Qxe4 25. Kf1 d3 26. Ng3 Qg6 27. Bxc6 bxc6 28. b5 h4 29. bxc6 Nb8 30. Rb1 Nxc6 31. Qf4 hxg3 32. Qxg4+ Qe6 33. Qxe6+ Rxe6 34. fxg3 Rf8+ 35. Bf4 Bh6 36. h3 Bxf4 37. gxf4 Rxf4+ 38. Kg1 d2 39. Kh2 Nd4 40. Rbd1 Re2 41. c5 Rff2 42. Kg3 Nf5+ 43. Kg4 Ne3+ 0-1

[Event "Olympiad Women 2024"]
[Site "Budapest HUN"]
[Date "2024.09.18"]
[Round "7.12"]
[Board "1"]
[White "Rogule, Laura"]
[Black "Yao, Lan"]
[Result "0-1"]
[WhiteElo "2248"]
[BlackElo "2353"]
[PlyCount "74"]
[EventDate "2024.09.11"]
[WhiteTeam "Latvia"]
[BlackTeam "England"]
[WhiteTeamCountry "LAT"]
[BlackTeamCountry "ENG"]

1. Nf3 d5 2. c4 e6 3. g3 Nf6 4. Bg2 Be7 5. O-O O-O 6. b3 d4 7. e3 c5 8. exd4 cxd4 9. d3 Nc6 10. Re1 Re8 11. Ba3 a5 12. Bxe7 Qxe7 13. Ne5 ({RR} 13. a3 Qc7 14. Nbd2 e5 15. Qc2 Bd7 16. Rab1 Qd6 17. c5 Qc7 18. b4 axb4 19. axb4 Nd5 20. b5 Ncb4 21. Qc4 Qa5 22. Nxe5 Bxb5 23. Qxd4 Nc2 24. Qxd5 Nxe1 25. Nxf7 Qa2 26. Qxa2 Rxa2 27. Bd5 Rxd2 {½-½ Wohlfahrt,H (2328)-Gschiel,A (2354) ch-AUT Blitz 2024 (11.5)}) 13... Nxe5 14. Rxe5 Qc7 $146 ({RR} 14... Nd7 15. Rb5 Nc5 16. Nd2 Bd7 17. Rb6 Qd8 18. Rd6 e5 19. f4 exf4 20. Qh5 Qc7 21. Rxd4 Ne6 22. Re4 Bc6 23. Re5 f3 24. Rxe6 fxg2 25. Rxe8+ Rxe8 26. Qc5 Qd8 27. d4 Qf6 28. Rd1 Re2 29. Ne4 {1-0 Campos,M (2216)-Toro Pradenas,M (1971) Zonal 2.5 Women 2023 (2.3)}) 15. Re1 e5 16. Nd2 Bg4 17. Bf3 h5 18. Bxg4 hxg4 19. Qe2 Qd7 20. Rab1 Ra6 21. a3 Nh7 22. f3 gxf3 23. Qxf3 Ng5 24. Qg2 Qf5 25. Qf1 Nh3+ 26. Kg2 Qc8 27. Qe2 Rg6 28. Qe4 Ng5 29. Qd5 Qf5 30. Nf3 Qxd3 31. Nxd4 Ne6 32. Nxe6 Qc2+ 33. Kg1 Rgxe6 34. Rec1 Qa2 35. Qxb7 e4 36. Qd5 Rh6 37. h4 Rg6 0-1